Finish the lyrics. pop version - Statistics

General Stats
  • This quiz has been taken 1,297 times
  • The average score is 12 of 15
Answer Stats
Lyrics Answer Artist % Correct
Last christmas i gave you my ___ . But the vey next day. Heart Wham!
98%
If the world was ___ I'd wanna be next to you Ending Bruno Mars & Lady Gaga
95%
It Doesn't matter who's wrong or ___. Just beat it Right Michael Jackson
95%
Well good 4 u you look ___ and healthy Happy Olivia Rodrigo
93%
Dancing in the dark. with you between my ___ Arms Ed Sheeran
92%
Birds of a feather we should ___ together Stick Billie Eilish
89%
Nevermind I'll find someone like you. I ___ nothing but the best Wish Adele
85%
Now he's thinking 'bout me every ___ oh that's that me espresso Night Sabrina Carpenter
79%
Like baby baby baby oh. I ___ you'd always be mine thought Justin bieber
76%
Kissy Face Kissy face sent to your___ Phone Rose & Bruno Mars
75%
My hands up they're playing my song. The ___ fly away Butterflies Miley Cyrus
72%
We can't be friends but I'd like to just ___ Pretend Ariana Grande
66%
My coffee ___ and my bed at three. you're too sweet for me Black Hozier
63%
We only said ___ with words. I've died a hundred times Goodbye Amy Winehouse
56%
I'm not here for long. ___ or I go houdini. Catch Dua Lipa
39%
No matching quizzes found
Score Distribution
Percent of People with Each Score
Percentile by Number Answered
Your Score History
You have not taken this quiz